000 00569nam a2200193Ia 4500
008 140321s9999 xx 000 0 und d
020 _a9789814455749
050 _aHF 5679
_b.Ow9595 2013
100 _aOwen, Glenn
245 _aUsing peachtree complete :
_bfor accounting /
_cGlenn Owen.
260 _aPhilippines :
_bCengage Learning,
_cc2013.
300 _a409 p. :
_bill. ;
_c26 cm.
500 _aIncludes index.
521 _aBSA
650 _aAccounting
_xComputer programs.
650 _aPeachtree complete accounting.
942 _kFOR
_cBK
999 _c48266
_d48266